<?xml version="1.0" encoding="UTF-8"?>
<record
    xmlns:xsi="http://www.w3.org/2001/XMLSchema-instance"
    xsi:schemaLocation="http://www.loc.gov/MARC21/slim http://www.loc.gov/standards/marcxml/schema/MARC21slim.xsd"
    xmlns="http://www.loc.gov/MARC21/slim">

  <leader>01065nam a22002297a 4500</leader>
  <controlfield tag="008">160307b        xxu||||| |||| 00| 0 eng d</controlfield>
  <datafield tag="020" ind1=" " ind2=" ">
    <subfield code="a">9789968982474</subfield>
  </datafield>
  <datafield tag="082" ind1=" " ind2=" ">
    <subfield code="a">778.920.74</subfield>
    <subfield code="b">H557r</subfield>
  </datafield>
  <datafield tag="100" ind1=" " ind2=" ">
    <subfield code="a">Hern&#xE1;ndez Campos, Jos&#xE9; Alberto</subfield>
    <subfield code="9">3964</subfield>
  </datafield>
  <datafield tag="245" ind1=" " ind2=" ">
    <subfield code="a">R.I.P. Retratos inconclusos policiales 2005-2010</subfield>
  </datafield>
  <datafield tag="246" ind1=" " ind2=" ">
    <subfield code="a">R.I.P.</subfield>
  </datafield>
  <datafield tag="260" ind1=" " ind2=" ">
    <subfield code="a">San Jos&#xE9; : </subfield>
    <subfield code="b">Museo de Arte y Dise&#xF1;o Contempor&#xE1;neo, (MADC) ,</subfield>
    <subfield code="c">2010</subfield>
  </datafield>
  <datafield tag="300" ind1=" " ind2=" ">
    <subfield code="a">40 p. ;</subfield>
    <subfield code="b">ill. (col.) ;</subfield>
    <subfield code="c">24 cm.</subfield>
  </datafield>
  <datafield tag="505" ind1=" " ind2=" ">
    <subfield code="t">Presentaci&#xF3;n</subfield>
    <subfield code="r">Fiorella Resenterra.</subfield>
    <subfield code="t">R.I.P</subfield>
    <subfield code="r">Mar&#xED;a Jos&#xE9; Chavarr&#xED;a.</subfield>
    <subfield code="t">Retratos inconclusos policiales</subfield>
    <subfield code="r">Jos&#xE9; Alberto Hern&#xE1;ndez.</subfield>
    <subfield code="t">Presencia y muerte. Ausencia y vida. Archivo y sospecha.</subfield>
    <subfield code="r">Edgar Le&#xF3;n.</subfield>
    <subfield code="t">Curr&#xED;culum del artista.</subfield>
    <subfield code="t">Referencias obra anterior.</subfield>
    <subfield code="t">Cr&#xE9;ditos.</subfield>
  </datafield>
  <datafield tag="650" ind1=" " ind2=" ">
    <subfield code="a">Fotograf&#xED;a</subfield>
    <subfield code="9">910</subfield>
  </datafield>
  <datafield tag="650" ind1=" " ind2=" ">
    <subfield code="a">Fot&#xF3;grafos costarricenses</subfield>
    <subfield code="9">4886</subfield>
  </datafield>
  <datafield tag="650" ind1=" " ind2=" ">
    <subfield code="a">Fotograf&#xED;a art&#xED;stica</subfield>
    <subfield code="x">Exhibiciones</subfield>
    <subfield code="9">4346</subfield>
  </datafield>
  <datafield tag="650" ind1=" " ind2=" ">
    <subfield code="a">Artistas costarricenses</subfield>
    <subfield code="x">Exhibiciones.</subfield>
    <subfield code="9">4887</subfield>
  </datafield>
  <datafield tag="700" ind1=" " ind2=" ">
    <subfield code="a">Chavarr&#xED;a,Mar&#xED;a Jos&#xE9; </subfield>
    <subfield code="c">[Curadora]</subfield>
    <subfield code="9">4888</subfield>
  </datafield>
  <datafield tag="700" ind1=" " ind2=" ">
    <subfield code="a">Resenterra, Fiorella</subfield>
    <subfield code="9">4889</subfield>
  </datafield>
  <datafield tag="700" ind1=" " ind2=" ">
    <subfield code="a">Le&#xF3;n, Edgar</subfield>
    <subfield code="9">4890</subfield>
  </datafield>
  <datafield tag="999" ind1=" " ind2=" ">
    <subfield code="c">886</subfield>
    <subfield code="d">886</subfield>
  </datafield>
  <datafield tag="952" ind1=" " ind2=" ">
    <subfield code="0">0</subfield>
    <subfield code="1">0</subfield>
    <subfield code="2">ddc</subfield>
    <subfield code="4">0</subfield>
    <subfield code="7">0</subfield>
    <subfield code="a">LV</subfield>
    <subfield code="b">LV</subfield>
    <subfield code="d">2016-03-07</subfield>
    <subfield code="l">0</subfield>
    <subfield code="o">778.920.74 H557r</subfield>
    <subfield code="p">000817</subfield>
    <subfield code="r">2016-03-07 00:00:00</subfield>
    <subfield code="w">2016-03-07</subfield>
    <subfield code="y">01</subfield>
  </datafield>
</record>
